书目信息 |
| 题名: |
富爸爸穷爸爸实践篇
|
|
| 作者: | 海崎 , 莱希特 著 | |
| 分册: | ||
| 出版信息: | 成都 四川文艺出版社 2013 |
|
| 页数: | 275页 | |
| 开本: | 23cm | |
| 丛书名: | ||
| 单 册: | ||
| 中图分类: | F830.59 | |
| 科图分类: | ||
| 主题词: | 金融 , 银行 | |
| 电子资源: | ||
| ISBN: | 7-5411-3811-8 | |
| 000 | 00634nam0 2200217 450 | |
| 001 | 140629 | |
| 005 | 20140929093759.42 | |
| 010 | @a7-5411-3811-8@dCNY 35.00 | |
| 100 | @a20140929d2013 km y0chiy0120 ea | |
| 101 | 0 | @achi |
| 102 | @aCN@b510000 | |
| 200 | 1 | @a富爸爸穷爸爸实践篇@Afu ba ba qiong ba ba shi jian pian@f海崎,莱希特著@Fhai qi,lai xi te zhu |
| 210 | @a成都@c四川文艺出版社@d2013 | |
| 215 | @a275页@d23cm | |
| 606 | 0 | @a金融 |
| 606 | 0 | @a银行 |
| 690 | @aF830.59@v4 | |
| 701 | 0 | @a海崎@Ahai qi@4著 |
| 701 | 0 | @a莱希特@Alai xi te@4著 |
| 801 | 0 | @aCN@b大连网信软件有限公司图书馆·11@c20140929 |
| 905 | @a241430@dF830.59@eH049 | |
| 富爸爸穷爸爸实践篇/海崎,莱希特著.-成都:四川文艺出版社,2013 |
| 275页;23cm |
| ISBN 7-5411-3811-8:CNY 35.00 |
| ● |
| 相关链接 |
|
|
|
正题名:富爸爸穷爸爸实践篇
索取号:F830.59/H049
 
预约/预借
| 序号 | 登录号 | 条形码 | 馆藏地/架位号 | 状态 | 备注 |
| 1 | 0835735 | 208357357 | 社科库409/409社科库 51排5列5层/ [索取号:F830.59/H049] | 在馆 | |
| 2 | 0835736 | 208357366 | 社科库409/409社科库 51排6列1层/ [索取号:F830.59/H049] |
已借出,限还日期为2026.08.10 借出人:曹旭 |
|
| 3 | 0835737 | 208357375 | 社科库409/409社科库 51排5列5层/ [索取号:F830.59/H049] | 在馆 |